00762nam a22002297a 4500008004100000020001500041020001500056040001800071041000800089245010400097250001200201260006500213300002600278504005300304650000900357650003200366650003000398650002900428700002900457700001600486730003000502130821s2003 xxu gr eng  a0631227075 a0631227083 aCo-BoUCMbspa00aeng00aArt in theory, 1900-2000 an anthology of changing ideascedited by Charles Harrison and Paul Wood. a2a. Ed. aMalden (Massachusetts, Estados Unidos)bBlackwell Pub.c2003 axxvii, 1258 páginas aIncluye referencias bibliográficas e índice.04aArte04aArteySiglo XXxFilosofía04aPintura modernaySiglo XX04aPostmodernismoxHistoria1 aHarrison, Charlesd1942-1 aWood, Paul.0 aArt in theory, 1900-1990.